00544 2200229 4500001002100000005001700021006001900038008004100057020002200098035002500120041000700145082001000152090001400162100001900176245002700195260003400222300002200256990000900278990000900287990000900296990000900305INLIS00000000000300020140317122925.0a ||| | 180719| ||| | id  a978-979-9369-75-8 a0010-031300000003000 aid0 a635.9 a635.9 ANT0 aRedaksi Trubus00aAnthurium Wave of Love aJakartabTrubus Swadayac2007 aii, 94 hal, 24 cm a1214 a1205 a1205 a1214